00479nam a22001217a 4500008004100000040005500041080002300096245013400119260005000253300001500303650001600318700002300334230612b |||||||| |||| 00| 0 eng d aNational Science LibrarycNational Science Library a621.039(082.2)bL0 aNuclear powerc/ Proceedings of the seminar on nuclear power Bombay, 17-18 January, 1970 organised by Department of Atomic Energy aBombay: bDepartment of Atomic Energy, c1970 aiii, 310p. aProceedings aRastogi, B P (Ed.)